Barcelona és molt més = Barcelona is much more
Publicado:
Barcelona :
Diputació de Barcelona. Àrea de Desenvolupament Econòmic. Delegació de Turisme ,
2011
Descripción Física:
1 f. plegat en 6 parts : map., il. col. ; 21 cm pleg., 42 x 60 cm despleg.
Materias:
Turisme -- Barcelona (Província)
MARC
| LEADER | 00000nam a2200000Ia 4500 | ||
|---|---|---|---|
| 001 | 23179 | ||
| 008 | 160829s2011 xx 000 0 cat d | ||
| 080 | |a FU-59-36 | ||
| 245 | |a Barcelona és molt més = Barcelona is much more | ||
| 260 | |a Barcelona : |b Diputació de Barcelona. Àrea de Desenvolupament Econòmic. Delegació de Turisme, |c 2011 | ||
| 300 | |a 1 f. plegat en 6 parts : |b map., il. col. ; |c 21 cm pleg., 42 x 60 cm despleg. | ||
| 590 | |a Text en català i anglès | ||
| 650 | 0 | |a Turisme |z Barcelona (Província) |9 32796 | |
| 710 | 1 | |a Barcelona (Catalunya : Província). |b Àrea de Desenvolupament Econòmic. |b Delegació de Turisme |9 51291 | |
| 901 | |a Arxiu | ||
| 942 | |n 1 | ||
| 952 | |0 0 |1 0 |4 0 |6 FU5936 |7 1 |9 49365 |a Arxiu |b Arxiu |d 2016-12-01 |l 0 |o FU-59-36 |p 23179 |r 2016-12-01 00:00:00 |w 2016-12-01 |y ARXIU | ||
| 952 | |0 0 |1 0 |4 0 |6 E00870 |7 0 |8 Digital |9 60015 |a TURISME |b TURISME |d 2018-10-23 |l 0 |o E.00870 |p TURISME18100112 |r 2018-10-23 00:00:00 |t 1 |u https://bibliotecageneral.diba.cat/cgi-bin/koha/opac-retrieve-file.pl?id=e3c2ee211a034e0f392fca2552ec76e6 |w 2018-10-23 |y MAPA |z Text complet | ||
| 999 | |c 53207 |d 53207 | ||